Central Library OPAC University of Rajshahi

The defence mechanism of the modern State : (Record no. 7336)

MARC details
000 -LEADER
fixed length control field 01003cam a2200289 4500
001 - CONTROL NUMBER
control field 7336
003 - CONTROL NUMBER IDENTIFIER
rucl marc code BD-RjUL
005 - DATE AND TIME OF LATEST TRANSACTION
control field 20211208234411.0
008 - FIXED-LENGTH DATA ELEMENTS--GENERAL INFORMATION
fixed length control field 140113s1964 ii a b 001 0 eng
035 ## - SYSTEM CONTROL NUMBER
System control number (OCoLC)ocm03439921
System control number (BD-RjUL)7379
040 ## - CATALOGING SOURCE
Original cataloging agency DLC
Transcribing agency LDL
Modifying agency UKM
-- ZCU
-- BD-RjUL
Language of cataloging eng
041 ## - LANGUAGE CODE
Language code of text/sound track or separate title eng
082 00 - DEWEY DECIMAL CLASSIFICATION NUMBER
Classification number 355
Author mark and year SID 1964
090 ## - LOCALLY ASSIGNED LC-TYPE CALL NUMBER (OCLC); LOCAL CALL NUMBER (OCLC)
Classification number (OCLC) (R) ; Classification number, CALL (RLIN) (NR) UA11
Local cutter number (OCLC) ; Book number/undivided call number, CALL (RLIN) .Si64
100 1# - MAIN ENTRY--PERSONAL NAME
Personal name Singh, Nagendra.
9 (RLIN) 22913
245 14 - TITLE STATEMENT
Title The defence mechanism of the modern State :
Remainder of title a study of the politico-military set-up of national and international organisations with special reference to the Chiefs of Staff Committee /
Statement of responsibility, etc. With a foreword by the Earl Mountbatten of Burma.
260 ## - PUBLICATION, DISTRIBUTION, ETC. (IMPRINT)
Place of publication, distribution, etc. Bombay ;
-- London :
Name of publisher, distributor, etc. Asia Pub. House,
Date of publication, distribution, etc. c1964.
300 ## - PHYSICAL DESCRIPTION
Pagination xvi, 479 p. :
Illustrations illus. ;
Size 25 cm.
500 ## - GENERAL NOTE
General note Includes index.
504 ## - BIBLIOGRAPHY, ETC. NOTE
Bibliography, etc Bibliography: p. 461-472.
650 #0 - SUBJECT ADDED ENTRY--TOPICAL TERM
Topical term or geographic name as entry element Military policy.
9 (RLIN) 18207
Topical term or geographic name as entry element World politics.
9 (RLIN) 22914
942 ## - ADDED ENTRY ELEMENTS (KOHA)
Source of classification or shelving scheme Dewey Decimal Classification
Koha item type Books
Holdings
Lost status Source of classification or shelving scheme Damaged status Not for loan Collection code Permanent Location Current Location Shelving location Date acquired Source of acquisition Cost, normal purchase price Total Checkouts Full call number Date last seen Copy number Koha item type
  Dewey Decimal Classification     Non-fiction Central Library, University of Rajshahi Central Library, University of Rajshahi   05/09/1967 Swet and Zeithinger 100.00   355 SID 1964 13/01/2014 C-4 Books
  Dewey Decimal Classification     Non-fiction Central Library, University of Rajshahi Central Library, University of Rajshahi   23/03/2014       355 SID 1964 23/03/2014 C-3 Books
  Dewey Decimal Classification     Non-fiction Central Library, University of Rajshahi Central Library, University of Rajshahi   12/04/1967 American book and subter. 68.75   355 SID 1964 22/08/2016 C-4 Books
  Dewey Decimal Classification     Non-fiction Central Library, University of Rajshahi Central Library, University of Rajshahi   01/04/1967 Pak. American Commercial 68.75   355 SID 1964 24/08/2016 C-6 Books